000 00444nam a2200133Ia 4500
008 231129s9999||||xx |||||||||||||| ||spa||
020 _a958-24-0312-8
040 _bspa
082 _a370.114 P925r
100 _aPremio Santillana de Experiencias Educativas ( 2 : 1994 : Bogotá )
245 0 _aResponsabilidad de la familia en la educación
264 _aBogotá Colombia : Santillana
942 _2ddc
_cBKS
999 _c24028
_d24028